000 00479nam a2200217Ia 4500
001 11595
003 GE_BSU
008 181216s||||||||xx |||||||||||||| ||und||
020 _a03033503
040 _cGE_BSU
080 _a821.111-32
100 _aHoward,Elizabeth Jane.
245 _aMarking.
245 _bvolume 2 of the cazalet chronicle.
260 _aLondon.
260 _bPan books.
260 _c1991.
300 _a452p;20cm.
653 _aMarking.
942 _cBK
999 _c44790
_d44790